000 00879cab a2200253 4500
001 ABS59889
008 090401t1998 xxu||||| |||| 00| 0 eng d
035 _a(Sirsi) u90825
041 _aeng
100 _aMolloy, J.B.
245 4 _aThe meaning of completion
260 _c1998
350 _a0
490 _aSurveying
_v7(11) December 1998, 18-19(2)
520 _aDiscusses the definition of completion with regard to two forms of contract used in Hong Kong: the RICS/RIBA form of contract and the Government forms. Looks at the meaning of practical completion and substantial completion.
650 _aBUILT ENVIRONMENT-BUILDING CONTRACT FORMS
650 _aDEFINITIONS
650 _aHONG KONG
650 _aPRACTICAL COMPLETION
650 _aSUBSTANTIAL COMPLETION
690 _aBUILT ENVIRONMENT-BUILDING CONTRACT FORMS
942 _n0
948 _c20/01/1999
999 _c57609
_d57609